Jugadores de la NBA que jugaron en un solo equipo - Estadísticas

Estadísticas generales
  • Esta prueba ha sido intentada 504 veces
  • La puntuación promedio es 16 de 23
Estadísticas de respuestas
Año Equipo Jugador % Correcto
2009– Warriors Stephen Curry
99%
2013– Bucks Giannis Antetokounmpo
95%
1996–2016 Lakers Kobe Bryant
93%
1997–2016 Spurs Tim Duncan
93%
1998–2019 Mavericks Dirk Nowitzki
92%
2012– Warriors Draymond Green
90%
2011– Warriors Klay Thompson
87%
2012– Trailblazers Damian Lillard
83%
1979–1992 Celtics Larry Bird
83%
1979–1996 Lakers Magic Johnson
80%
2002–2018 Spurs Manu Ginóbili
80%
1989–2003 Spurs David Robinson
74%
1984–2003 Jazz John Stockton
73%
1956–1969 Celtics Bill Russell
71%
1981–1994 Pistons Isiah Thomas
67%
1987–2005 Pacers Reggie Miller
65%
1960–1974 Lakers Jerry West
56%
2003–2023 Heat Udonis Haslem
55%
2002–2011 Rockets Yao Ming
55%
1976–1987 76ers Julius Erving
49%
1982–1994 Lakers James Worthy
36%
1980–1993 Celtics Kevin McHale
33%
1985–1999 Pistons Joe Dumars
26%
No se encontraron pruebas coincidentes
Distribución de puntuación
Porcentaje de gente con cada puntuación
Porcentaje por número respondido
Historial de tus puntuaciones
No has intentado esta prueba.